000 01515cam a2200145 4500500
005 20260322012824.0
041 _afre
042 _adc
100 1 0 _aGlaudes, Pierre
_eauthor
700 1 0 _aVasak, Anouchka
_eauthor
245 0 0 _aLes Nuages, du tournant des Lumières au crépuscule du romantisme : (1760-1880)
260 _bHermann,
_c2017.
520 _aLes nuages sont aujourd’hui au cœur du débat sur le réchauffement climatique ; les sciences et technologies de l’information et de la communication inventent l’« informatique en nuage »  ; les « chasseurs de nuages » soumettent leurs clichés à la Cloud Appreciation Society. Le nuage est résolument moderne.Suivant les voies ouvertes par Michel Serres et Hubert Damisch, littéraires, philosophes, historiens des sciences, de l’art, de la musique, et une géographe-climatologue ici rassemblés abordent la question du nuage à un moment-clé de l’histoire occidentale : celui qui, du tournant des Lumières au crépuscule du romantisme, ouvre la modernité. S’y révèlent le double mouvement de laïcisation de la pensée et de permanence de l’irrationnel ou du mythe, le brouillage entre le sujet et le monde, et le travail des penseurs comme des artistes – écrivains, peintres, musiciens –, pour appréhender, dire et représenter ce qui échappe.
856 4 1 _uhttps://stm.cairn.info/les-nuages-du-tournant-des-lumieres-au-crepuscule-du-romantisme-1760-1880--9782705694753?lang=fr&redirect-ssocas=7080
999 _c1775853
_d1775853